000 01229naa a22003137a 4500
001 BR9400429
003 BR-BrBNA
005 20240918180929.0
007 ta
008 230509b bl.||||| |||| 00| 0 por d
040 _aBR-BrBNA
_bpor
_cBiblioteca Nacional de Agricultura
041 _a(Pt)
072 _aK10; P01; T01
_b/G514
090 _aK10 BR9400429
100 1 _aVictoria, R.L.
100 1 _aMortatti, J.
100 1 _aMartinelli, L.A.
111 1 _aSeminario Internacional sobre Meio Ambiente, Pobreza e Desenvolvimento da Amazonia
_cBelem, PA (Brazil)
_d16-19 Feb 1992
245 1 _aImpacto em bacias hidrograficas [Desmatamento, Amazonia]
260 3 _aBelem, PA (Brasil):
_c1992.
500 _aSeminario Internacional sobre Meio Ambiente, Pobreza e Desenvolvimento da Amazonia. SIMDAMAZONIA. Anais Belem, PA (Brasil): 1992. p. 188-192 (BR9400429-AM)K10
650 _aDesmatamento
650 _aBacia Hidrografica
650 _aDegradacao
650 _aAmazonia
773 0 _tSeminario Internacional sobre Meio Ambiente, Pobreza e Desenvolvimento da Amazonia. SIMDAMAZONIA. Anais
_wK10 BR9400429
_gBelem, PA (Brasil), 1992. p. 188-192
909 _a202404
_bLucia
_c55
_dLucia Elande
942 _cAM
_2AGRIS
999 _c322752
_d322752